000 00279nam a22001337a 4500
008 170523b xxu||||| |||| 00| 0 eng d
020 _a080149382X
041 _aeng
080 _a94
100 _a16
101 _aSHH
245 _aTRANSGRESSION
_cBRASS, P.S
942 _2udc
_cBK
999 _c13878
_d13878